Girls' Names in Top 1000-N (2023) - Statistics

General Stats
  • This quiz has been taken 167 times
  • The average score is 19 of 34
Answer Stats
Answer % Correct
Nora
89%
Norah
89%
Natalie
85%
Nataly
85%
Nina
82%
Natalia
79%
Nicole
71%
Nadia
70%
Naomi
67%
Natasha
67%
Noemi
67%
Nova
67%
Novah
67%
Nyomi
67%
Nellie
66%
Nia
63%
Nancy
61%
Noelle
61%
Nala
59%
Nevaeh
54%
Nyla
54%
Nylah
54%
Nola
50%
Noa
44%
Noah
44%
Naya
38%
Nori
36%
Navy
25%
Noor
24%
Nyra
24%
Novalee
23%
Nayeli
22%
Neriah
15%
Nalani
9%
No matching quizzes found
Score Distribution
Percent of People with Each Score
Percentile by Number Answered
Your Score History
You have not taken this quiz